000
00412nam a2200145Ia 4500
008
100122s9999 xx 000 0 und d
082
_b
11147
_a
823
100
_a
फडके ना सी
245
_a
कठपुतली
260
_b
ग.पां.परचुरे प्रकाशन
_c
1961
300
_a
247
630
_a
कठपुतली
730
_a
कठपुतली
942
_c
BOOK
999
_c
402569
_d
402566